Normal view
MARC view
Entry Corporate Name
001 - CONTROL NUMBER
- control field: 89049
003 - CONTROL NUMBER IDENTIFIER
- control field: dpl
005 - DATE AND TIME OF LATEST TRANSACTION
- control field: 20260511124715.0
008 - FIXED-LENGTH DATA ELEMENTS
- fixed length control field: 260511|| aca||aabn | a|a d
040 ## - CATALOGING SOURCE
- Original cataloging agency: dpl
- Transcribing agency: dpl
110 ## - HEADING--CORPORATE NAME
- Corporate name or jurisdiction name as entry element: Jawaharlal Nehru Tropical Botanic Garden and Research Institute
670 ## - SOURCE DATA FOUND
- Source citation: Work cat.: (dpl)216112: Nayar, T.N. 89042, Flowering plants of Kerala/ , 2006
